000
00307nam a22001337a 4500
008
190205b xxu||||| |||| 00| 0 eng d
020
_a
9780716736271
041
_a
eng
080
_2
2nd
_a
311
100
_a
55
101
_a
STA
245
_a
The Basic Practice of Statistics
_c
Moore,D.S
942
_2
udc
_c
BK
999
_c
53970
_d
53970